000 00476nam a2200181 a 4500
001 1761722951397
003 YourLibrary
005 20251029130106.0
008 251029s2002##################000#0#eng##
020 _a9780710307071
082 0 4 _a610.901
_bBUD
100 1 _aBudge, Sir Ernest Alfred Wallis,
_eauthor.
245 1 0 _aThe Book of Medicines :
260 _bRoutledge,
_c2002.
650 0 _aMedicine.
942 _cENGLISH
040 _aYourLibrary
_beng
_cYourLibrary
999 _c594525
_d594525